Statistics for Hottest countries on every latitude

Click here to take the quiz!

General Stats

  • This quiz has been taken 26 times
  • The average score is 18 of 32

Answer Stats

Answer % Correct
Russia
96%
Saudi Arabia
87%
Norway
87%
Australia
87%
Argentina
83%
India
83%
Canada
83%
Mali, Burkina Faso
78%
Indonesia
78%
Sweden
78%
United Kingdom
74%
Brazil
74%
Finland
74%
Iran
74%
Italy
70%
France
70%
Greece
65%
Mali
65%
Algeria
65%
Ireland
61%
Mauritania
43%
Portugal
39%
Kuwait
30%
Somalia
30%
Kiribati
30%
Samoa
22%
Burkina Faso
13%
Benin
13%
Maldives
13%
Tuvalu
13%
Seychelles
9%
Brunei
4%

Score Distribution

Percentile by Number Answered

Percent of People with Each Score

Your Score History

You have not taken this quiz